فکر عظیم / (Record no. 41805)

MARC details
000 -LEADER
fixed length control field 00877nam a22002417a 4500
005 - DATE AND TIME OF LATEST TRANSACTION
control field 2010081406086.0
008 - FIXED-LENGTH DATA ELEMENTS--GENERAL INFORMATION
fixed length control field 090109t xxu||||| |||| 00| 0urd d
010 ## - LCCN (DPL NO)
LC control number UR-7720
020 ## - INTERNATIONAL STANDARD BOOK NUMBER
Terms of availability 250.00
035 ## - SYSTEM CONTROL NUMBER
System control number U-6275
040 ## - CATALOGING SOURCE
Original cataloging agency dpl
Language of cataloging urd
082 ## - DEWEY DECIMAL CLASSIFICATION NUMBER
Classification number 844
100 ## - MAIN ENTRY--PERSONAL NAME
9 (RLIN) 12785
Personal name محّمد عظیم الدین بخش
245 ## - TITLE STATEMENT
Title فکر عظیم /
Statement of responsibility, etc محّمد عظیم الدین بخش
246 ## - VARYING FORM OF TITLE
Title proper/short title Fikr-e-Azeem /
Remainder of title by Mohammad Aleemuddin Baksh
260 ## - PUBLICATION, DISTRIBUTION, ETC. (IMPRINT)
Place of publication, distribution, etc حیدرآباد
Date of publication, distribution, etc 2007
Name of publisher, distributor, etc اکرم پبلیکشن
270 ## - ADDRESS
City Hyderabad
Address 1/A/4/836-2-16
Postal code 500059
300 ## - PHYSICAL DESCRIPTION
Extent 180 ص
Dimensions 22 س م (Hb)
650 ## - SUBJECT ADDED ENTRY--TOPICAL TERM
Source of heading or term critisim
9 (RLIN) 12786
700 ## - ADDED ENTRY--PERSONAL NAME
Personal name علیم الدین بخش
9 (RLIN) 13088
942 ## - ADDED ENTRY ELEMENTS (KOHA)
Source of classification or shelving scheme Dewey Decimal Classification
Item type Urdu Bks
Classification part 844
Call number suffix م ح م
Holdings
Withdrawn status Lost status Source of classification or shelving scheme Damaged status Not for loan Collection code Home library Current library Date acquired Source of acquisition Cost, normal purchase price Total Checkouts Full call number Barcode Date last seen Copy number Cost, replacement price Koha item type
    Dewey Decimal Classification   Not For Loan Non-fiction D.B.Act.Division D.B.Act.Division 14/08/2010 DBAD/PUB 250.00   844 م ح م U-6275 14/08/2010 1 250.00 Urdu Bks

© Delhi Public Library
Hit Counter
free hit counter